000 00414nam a2200145Ia 4500
003 OSt
005 20260129101605.0
008 211028s2018 xx 000 0 und d
040 _cAIMIT LIBRARY
041 _aeng
100 _aNadeem A M, Hameed; Kamath, T Ramesh.
_g1616053
_97809
245 _aBuying behaviour of customers towards KVR cars /
260 _aMangalore
_bT Ramesh Kamath.
_c2018
942 _2ddc
_cPRO
999 _c219377
_d219377